Curso de política constitucional / (Registro nro. 46916)

Detalles MARC
000 -LEADER
campo de control de longitud fija 00713nam a2200217 i 4500
001 - NÚMERO DE CONTROL
campo de control 46916
003 - IDENTIFICADOR DE NÚMERO DE CONTROL
campo de control ES-MaACL
005 - FECHA Y HORA DE LA ÚLTIMA TRANSACCIÓN
campo de control 20250808090127.0
007 - CAMPO FIJO DE DESCRIPCIÓN FÍSICA--INFORMACIÓN GENERAL
campo de control de longitud fija t|
008 - DATOS DE LONGITUD FIJA--INFORMACIÓN GENERAL
campo de control de longitud fija 030402s1968 sp ||||1| spa d
100 1# - ENTRADA PRINCIPAL--NOMBRE DE PERSONA
Nombre de persona Constant, Benjamin.
9 (RLIN) 40242
245 10 - MENCIÓN DEL TÍTULO
Título Curso de política constitucional /
Mención de responsabilidad, etc. Benjamín Constant ; traducción y prólogo de F. L. de Iturbe.
260 ## - PUBLICACIÓN, DISTRIBUCIÓN, ETC.
Lugar de publicación, distribución, etc. Madrid :
Nombre del editor, distribuidor, etc. Taurus,
Fecha de publicación, distribución, etc. [1968]
300 ## - DESCRIPCIÓN FÍSICA
Extensión XXXIX, 317 p. ;
Dimensiones 21 cm.
490 1# - MENCIÓN DE SERIE
Mención de serie Clásicos de la política ;
Designación de volumen o secuencia 3
650 07 - PUNTO DE ACCESO ADICIONAL DE MATERIA--TÉRMINO DE MATERIA
Término de materia o nombre geográfico como elemento de entrada Derecho constitucional
Fuente del encabezamiento o término embne
9 (RLIN) 11680
700 1# - ENTRADA AGREGADA--NOMBRE PERSONAL
Nombre de persona Iturbe, F. L. de.
9 (RLIN) 65616
830 0# - PUNTO DE ACCESO ADICIONAL DE SERIE-TÍTULO UNIFORME
Título uniforme Clásicos de la política ;
Designación de volumen o secuencia 3
9 (RLIN) 229999
852 ## - LOCALIZACIÓN
Ubicación ES-MaACL
Número de control de estantería C-35245
Sublocalización o colección R.67728
Existencias
Estatus retirado Estado de pérdida Estado de daño No para préstamo Biblioteca de origen Biblioteca actual Ubicación en estantería Fecha de adquisición Fuente de adquisición Total de préstamos Signatura topográfica completa Código de barras Visto por última vez Precio de reemplazo Tipo de ítem Koha
        Biblioteca del Ateneo de Madrid Biblioteca del Ateneo de Madrid Depósito 2 17/01/2008     C-35245 1049342 23/02/2023 23/02/2023 Libro impreso